| 000 | 00520nam a22001577a 4500 | ||
|---|---|---|---|
| 999 |
_c535376 _d535376 |
||
| 020 | _qHard Cover. | ||
| 082 | _a621.3678 | ||
| 100 | _aKarim,Shahid | ||
| 245 |
_aSOIL SALINITY ASSESSMENT IN TOBA TEK SINGH USING TEMPORAL IMAGERY / _cShahid Karim. |
||
| 260 |
_aIslamabad : _bPNEC - NUST, _c2013. |
||
| 300 |
_axi, 69. : ill. ; _c30cm. |
||
| 942 |
_2ddc _cTHE |
||
| 650 |
_aGeographical Information Systems MS-Thesis _929891 |
||
| 700 |
_aDr. Ejaz Hussain. _919330 |
||